Boletn̕ de Propiedad Intelectual, Industrial, Nuevas Tecnologias y Medios de Comunicacin̤

Bibliographic Details
Format: Unknown
Language:Spanish
Published: [Madrid] : CMS Albiąna Sur̀ez de Lezo
Subjects:
Online Access:Acceso restringido

MARC

LEADER 00000ny a22000003n 4500
005 20110509110544.0
008 080924s2003 sp r s 000 a0spa c
035 |a 1679 
040 |a UMA.RE  |d vlex 
080 |a 347.78(0.034) 
090 |c 1434  |d 1434 
245 0 0 |a Boletn̕ de Propiedad Intelectual, Industrial, Nuevas Tecnologias y Medios de Comunicacin̤  |h [Recurso electrn̤ico]  |c CMS Albiąna Sur̀ez de Lezo 
256 |a Servicio en ln̕ea 
260 |a [Madrid] :  |b CMS Albiąna Sur̀ez de Lezo 
310 |a Semestral,  |b 2005 
506 1 |a Contenido solo disponible en los productos indicados  |d vLex Global  |d vLex Global (Academic Edition, excluding Law Schools)  |d vLex Global (U.S. Academic Edition, Law Schools)  |d vLex Global (U.S. Academic Edition, excluding Law Schools)  |d vLex Global (Academic Edition, Law Schools) 
650 0 7 |a Marcas  |2 Tesauro vLex 
650 0 7 |2 Tesauro vLex  |a Propiedad intelectual 
650 0 7 |2 Tesauro vLex  |a Propiedad industrial 
650 0 7 |2 Tesauro vLex  |a Civil 
650 0 7 |2 Tesauro vLex  |a Telecomunicaciones 
650 0 7 |2 Tesauro vLex  |a Derecho de las comunicaciones 
650 0 7 |2 Tesauro vLex  |a PARCELAS MENSAIS 
740 0 |a vLex Revista (Servicios en ln̕ea) 
853 |8 1  |i (year)  |j (month)  |k (day) 
856 4 0 |u http://vlex.com/source/1679  |z Acceso restringido 
942 |c REV